| 000 -LEADER |
| fixed length control field |
00508nam a22001697a 4500 |
| 008 - FIXED-LENGTH DATA ELEMENTS--GENERAL INFORMATION |
| fixed length control field |
150520b xxu||||| |||| 00| 0 eng d |
| 020 ## - INTERNATIONAL STANDARD BOOK NUMBER |
| International Standard Book Number |
0835957853 |
| 041 0# - LANGUAGE CODE |
| Language code of text/sound track or separate title |
eng |
| 080 ## - UNIVERSAL DECIMAL CLASSIFICATION NUMBER |
| Universal Decimal Classification number |
621.31 |
| 100 ## - Rafti |
| Rafti |
El-Hawary, M. E. |
| 245 10 - TITLE STATEMENT |
| Title |
Principles of electric machines with power electronic applications / |
| Statement of responsibility, etc |
M.E. El-Hawary. |
| 260 ## - |
| -- |
Englewood Cliffs, NJ : |
| -- |
Prentice-Hall, |
| -- |
c1986. |
| 300 ## - |
| -- |
739 f |
| -- |
me il |
| -- |
24 cm. |
| 650 #0 - |
| -- |
Makineria elektrike |
| 650 #0 - |
| -- |
Elektronika energjisë |
| 942 ## - ADDED ENTRY ELEMENTS (KOHA) |
| Source of classification or shelving scheme |
|
| Item type |
Books |